Welcome to CU Library Online Public Access Catalogue (OPAC)

The Encyclopedia of marriage, divorce and the family (Record no. 3020)

MARC details
000 -LEADER
fixed length control field 00431nam a22001577a 4500
005 - DATE AND TIME OF LATEST TRANSACTION
control field 20250124131807.0
008 - FIXED-LENGTH DATA ELEMENTS--GENERAL INFORMATION
fixed length control field 250124b |||||||| |||| 00| 0 eng d
020 ## - INTERNATIONAL STANDARD BOOK NUMBER
International Standard Book Number 081601695X
050 ## - LIBRARY OF CONGRESS CALL NUMBER
Classification number REF HQ9
Item number DIC
100 ## - MAIN ENTRY--PERSONAL NAME
Personal name DiCanio, Margaret
245 ## - TITLE STATEMENT
Title The Encyclopedia of marriage, divorce and the family
260 ## - PUBLICATION, DISTRIBUTION, ETC.
Place of publication, distribution, etc. New York
Name of publisher, distributor, etc. Facts On File, Int.
Date of publication, distribution, etc. c1989
300 ## - PHYSICAL DESCRIPTION
Extent xii,601p
500 ## - GENERAL NOTE
General note includes index
942 ## - ADDED ENTRY ELEMENTS (KOHA)
Source of classification or shelving scheme Library of Congress Classification
Koha item type Books
Suppress in OPAC No
999 ## -
-- 3020
-- 3020
Holdings
Withdrawn status Lost status Source of classification or shelving scheme Damaged status Not for loan Collection Home library Current library Shelving location Date acquired Total checkouts Full call number Barcode Date last seen Copy number Price effective from Koha item type
    Library of Congress Classification     Reference Undergraduate Library (Christ Temple) Undergraduate Library (Christ Temple) Reference 01/24/2025   REF HQ9 DIC ulct00000920 01/24/2025 1 01/24/2025 Books
© 2023-2024 Copyright: Central University Libraries. All Rights Reserved | Created by: Mahone Tech Office